| 000 | 00891nam a22002177a 4500 | ||
|---|---|---|---|
| 005 | 20210325180422.0 | ||
| 008 | s2543 th tha d | ||
| 020 | _a9742722021 | ||
| 041 | _atha | ||
| 050 | _aJQ1745.A5 อ679ห 2543 | ||
| 100 | 0 | _aอ่ำ บุญไทย | |
| 245 | 1 | 0 | _aหนังสือกฤดาการบนที่ราบสูง |
| 260 | 3 |
_aกรุงเทพฯ : _bสมาคมมิตรภาพญี่ปุ่น-ไทย, _c2543 |
|
| 300 |
_a148 หน้า : _b ภาพประกอบ ; _c 21 ซม. |
||
| 650 | 0 | 4 | _aสมาชิกสภาผู้แทนราษฎร -- หน้าที่ |
| 650 | 0 | 4 | _aไทย -- การเมืองและการปกครอง -- รวมเรื่อง |
| 850 | _aNALT | ||
| 942 | _cGB | ||
| 997 | _c000000000009247 | ||
| 998 | _aPRATHANA | ||
| 999 |
_c9247 _d9247 |
||